[Event "Oberliga Ost-A 2122"]
[Site "Germany"]
[Date "2022.06.19"]
[Round "5.6"]
[White "Poessel, Christian"]
[Black "Ozeran, Volodymyr"]
[Result "0-1"]
[WhiteElo "1991"]
[BlackElo "2081"]
[PlyCount "76"]
[EventDate "2021.10.10"]
[EventType "team-tourn"]
[EventRounds "11"]
[EventCountry "GER"]
[SourceTitle "EXT 2023"]
[Source "ChessBase"]
[SourceDate "2022.10.05"]
[SourceVersion "1"]
[SourceVersionDate "2022.10.05"]
[SourceQuality "1"]
[WhiteTeam "Nickelhuette Aue"]
[BlackTeam "Dessau"]
[WhiteTeamCountry "GER"]
[BlackTeamCountry "GER"]

1. d4 d5 2. c4 c6 3. Nf3 Nf6 4. g3 Bf5 5. Nc3 e6 6. Qb3 b6 7. Bg2 Nbd7 8. 0-0 Bd6 9. Nd2 Rc8 10. e4 dxe4 11. Ndxe4 Nxe4 12. Nxe4 Bxe4 13. Bxe4 0-0 14. Rd1 Qc7 15. Qc2 Nf6 16. Bg2 h6 17. c5 Be7 18. Bf4 Qd7 19. a4 Nd5 20. Bd2 Bf6 21. Be1 bxc5 22. dxc5 Qc7 23. Ra3 Rb8 24. b3 a5 25. Qe4 Bb2 26. Ra2 Bc3 27. Qc2 Bxe1 28. Bxd5 Bxf2+ 29. Kxf2 exd5 30. Rd4 Qe5 31. Rf4 Rfe8 32. Kg2 Re6 33. Qd2 Rxb3 34. Qxa5 g5 35. Rb4 Re3 36. Qa6 d4 37. Qc8+ Kg7 38. Qd7 Qe4+ 0-1

[Event "Oberliga Ost-A 2122"]
[Site "Germany"]
[Date "2022.04.03"]
[Round "11.6"]
[White "Ozeran, Volodymyr"]
[Black "Gehmlich, Marcel"]
[Result "1/2-1/2"]
[WhiteElo "2081"]
[BlackElo "2188"]
[PlyCount "58"]
[EventDate "2021.10.10"]
[EventType "team-tourn"]
[EventRounds "11"]
[EventCountry "GER"]
[SourceTitle "EXT 2023"]
[Source "ChessBase"]
[SourceDate "2022.10.05"]
[SourceVersion "1"]
[SourceVersionDate "2022.10.05"]
[SourceQuality "1"]
[WhiteTeam "Dessau"]
[BlackTeam "Dresden Gruen Weiss"]
[WhiteTeamCountry "GER"]
[BlackTeamCountry "GER"]

1. d4 Nf6 2. Nf3 e6 3. g3 b6 4. Bg2 Bb7 5. c4 Bb4+ 6. Bd2 Qe7 7. 0-0 Bxd2 8. Qxd2 0-0 9. Nc3 d6 10. Qc2 c5 11. Rfd1 cxd4 12. Nxd4 Bxg2 13. Kxg2 a6 14. Qd3 Qc7 15. Rac1 Rd8 16. f3 Nbd7 17. Ne4 Rac8 18. Nxf6+ Nxf6 19. b3 Qb7 20. e4 Nd7 21. Qe3 Ne5 22. Rc2 b5 23. cxb5 Rxc2+ 24. Nxc2 Qxb5 25. Nd4 Qb7 26. Rd2 h6 27. Ne2 Rd7 28. Nf4 Qc6 29. Qd4 Qc1 1/2-1/2

[Event "Sachsen-Anhalt-ch 29th"]
[Site "Magdeburg"]
[Date "2019.11.03"]
[Round "7"]
[White "Ozeran, Volodymyr"]
[Black "Post, Hugo"]
[Result "1/2-1/2"]
[WhiteElo "2073"]
[BlackElo "2204"]
[PlyCount "65"]
[EventDate "2019.10.31"]
[EventType "tourn"]
[EventRounds "7"]
[EventCountry "GER"]
[SourceTitle "EXT 2021"]
[Source "ChessBase"]
[SourceDate "2020.10.23"]
[SourceVersion "1"]
[SourceVersionDate "2020.10.23"]
[SourceQuality "1"]

1. d4 Nf6 2. g3 g6 3. Bg2 Bg7 4. Nf3 0-0 5. 0-0 d6 6. Re1 Nbd7 7. Nbd2 Re8 8. c3 e5 9. dxe5 dxe5 10. Ng5 c6 11. Nde4 h6 12. Nxf6+ Nxf6 13. Qxd8 Rxd8 14. Ne4 Nxe4 15. Bxe4 Be6 16. Be3 f5 17. Bc2 b6 18. a3 Rd6 19. Rad1 Rad8 20. Rxd6 Rxd6 21. Rd1 Rxd1+ 22. Bxd1 g5 23. f4 gxf4 24. gxf4 e4 25. Bd4 Bxd4+ 26. cxd4 e3 27. Bc2 Kf7 28. Kg2 Bd5+ 29. Kg3 Ke6 30. Bd3 Kf6 31. Bc2 c5 32. dxc5 bxc5 33. Bd3 1/2-1/2

[Event "Sachsen-Anhalt-ch 28th"]
[Site "Magdeburg"]
[Date "2018.05.13"]
[Round "7.2"]
[White "Paul, Johannes"]
[Black "Ozeran, Volodymyr"]
[Result "1-0"]
[WhiteElo "2310"]
[BlackElo "2094"]
[PlyCount "61"]
[EventDate "2018.05.10"]
[EventType "tourn"]
[EventRounds "7"]
[EventCountry "GER"]
[SourceTitle "EXT 2019"]
[Source "ChessBase"]
[SourceDate "2018.10.10"]
[SourceVersion "1"]
[SourceVersionDate "2018.10.10"]
[SourceQuality "1"]

1. d4 d5 2. c4 e6 3. Nc3 Nf6 4. cxd5 exd5 5. Bg5 Be7 6. e3 h6 7. Bh4 c6 8. Bd3 Nbd7 9. Qc2 0-0 10. Nf3 Re8 11. 0-0-0 Ne4 12. Bxe7 Qxe7 13. Kb1 Nf8 14. Bxe4 dxe4 15. Nd2 Nh7 16. h3 Bf5 17. f4 Bg6 18. g4 f5 19. Nc4 Bf7 20. Ne5 Be6 21. Rhg1 Rad8 22. Rg3 Qc7 23. Rdg1 Re7 24. Na4 Nf8 25. Nc5 Bc8 26. Qc4+ Kh7 27. g5 Be6 28. Qe2 Rd6 29. gxh6 gxh6 30. Qh5 Qc8 31. Qe2 1-0

[Event "Sachsen-Anhalt-ch 28th"]
[Site "Magdeburg"]
[Date "2018.05.12"]
[Round "5.1"]
[White "Ozeran, Volodymyr"]
[Black "Mertens, Fridolin"]
[Result "1/2-1/2"]
[WhiteElo "2094"]
[BlackElo "2129"]
[PlyCount "158"]
[EventDate "2018.05.10"]
[EventType "tourn"]
[EventRounds "7"]
[EventCountry "GER"]
[SourceTitle "EXT 2019"]
[Source "ChessBase"]
[SourceDate "2018.10.10"]
[SourceVersion "1"]
[SourceVersionDate "2018.10.10"]
[SourceQuality "1"]

1. d4 Nf6 2. Nf3 e6 3. g3 b5 4. Bg2 Bb7 5. 0-0 c5 6. c3 Be7 7. dxc5 Bxc5 8. Nd4 Bxg2 9. Kxg2 Qb6 10. a4 b4 11. Nb3 Be7 12. cxb4 Qxb4 13. Nc3 Qb7+ 14. Kg1 Nc6 15. Nd4 0-0 16. e4 d6 17. Nxc6 Qxc6 18. Qd3 Rab8 19. f3 Nd7 20. Be3 Rxb2 21. Nb5 Ne5 22. Nxa7 Qxa4 23. Rxa4 Nxd3 24. Bd4 Rc2 25. Rd1 Nc1 26. Rb4 d5 27. Rb7 Ne2+ 28. Kh1 Nxd4 29. Rxd4 Bc5 30. Rd1 dxe4 31. fxe4 Re2 32. Nc6 Ra8 33. e5 h6 34. Rd8+ Rxd8 35. Nxd8 Rf2 36. Rb5 Bd4 37. Nc6 Be3 38. Rb3 Re2 39. Rb4 Kh7 40. Re4 Re1+ 41. Kg2 Bd2 42. Rxe1 Bxe1 43. g4 Kg6 44. Nd4 Bc3 45. Nf3 f5 46. h3 Kf7 47. Kf2 Ke7 48. Ke3 g5 49. Kd3 Bb2 50. Kc4 fxg4 51. hxg4 h5 52. gxh5 g4 53. Nd4 g3 54. Nf3 g2 55. Kd3 Bxe5 56. Ke3 Bg3 57. Ng1 Kf6 58. Kf3 Bh2 59. Kxg2 Bxg1 60. Kxg1 Kg5 61. Kf2 Kxh5 62. Ke3 Kg5 63. Ke4 Kf6 64. Kf4 e5+ 65. Ke4 Ke6 66. Ke3 Kd6 67. Ke4 Ke6 68. Ke3 Kd5 69. Kd3 e4+ 70. Ke3 Ke5 71. Ke2 Kf4 72. Kf2 e3+ 73. Ke2 Ke4 74. Ke1 Kf3 75. Kf1 Kf4 76. Ke2 Ke4 77. Ke1 Kd3 78. Kd1 e2+ 79. Ke1 Ke3 1/2-1/2

[Event "Sachsen-Anhalt-ch 28th"]
[Site "Magdeburg"]
[Date "2018.05.10"]
[Round "1.3"]
[White "Ozeran, Volodymyr"]
[Black "Goergens, Michael"]
[Result "0-1"]
[WhiteElo "2094"]
[BlackElo "2055"]
[PlyCount "110"]
[EventDate "2018.05.10"]
[EventType "tourn"]
[EventRounds "7"]
[EventCountry "GER"]
[SourceTitle "EXT 2019"]
[Source "ChessBase"]
[SourceDate "2018.10.10"]
[SourceVersion "1"]
[SourceVersionDate "2018.10.10"]
[SourceQuality "1"]

1. d4 Nf6 2. Nf3 d5 3. g3 g6 4. Bg2 Bg7 5. 0-0 0-0 6. c4 c6 7. Qb3 Nbd7 8. Nbd2 b6 9. Re1 Bb7 10. Nf1 Ne4 11. Be3 e6 12. Rac1 f5 13. N1d2 Kh8 14. Nxe4 dxe4 15. Ng5 Qe7 16. c5 Rae8 17. f3 e5 18. dxe5 Bxe5 19. cxb6 axb6 20. f4 Bf6 21. Red1 h6 22. Nh3 c5 23. Qb5 Rf7 24. Rd2 Rc8 25. Rcd1 Bc6 26. Qb3 Ra8 27. Ra1 Kg7 28. Nf2 b5 29. Qc2 c4 30. Nd1 Nc5 31. Bxc5 Qxc5+ 32. e3 b4 33. Rc1 Bb5 34. Bf1 Rc7 35. Qb1 Qa7 36. Rdc2 Rac8 37. Kf2 Qa6 38. a3 bxa3 39. bxa3 Ba4 40. Re2 Rb7 41. Qa2 Bb3 42. Qd2 Rd8 43. Qe1 Qxa3 44. Nc3 Rd3 45. Nb1 Qc5 46. Rd2 Rbd7 47. Bxd3 exd3 48. Nc3 Qb4 49. Rb2 Ra7 50. Qd2 Ra3 51. Nd5 Qxd2+ 52. Rxd2 Bd8 53. Nc3 Ba5 54. Rb2 Kf6 55. Kf3 Bxc3 0-1

[Event "Oberliga Ost-A 1718"]
[Site "Germany"]
[Date "2018.03.18"]
[Round "9.6"]
[White "Ozeran, Volodymyr"]
[Black "Liedtke, Matthias"]
[Result "1-0"]
[WhiteElo "2087"]
[BlackElo "2265"]
[PlyCount "65"]
[EventDate "2017.10.22"]
[EventType "team-tourn"]
[EventRounds "11"]
[EventCountry "GER"]
[SourceTitle "EXT 2019"]
[Source "ChessBase"]
[SourceDate "2018.10.10"]
[SourceVersion "1"]
[SourceVersionDate "2018.10.10"]
[SourceQuality "1"]
[WhiteTeam "Dessau"]
[BlackTeam "Leipzig SG II"]
[WhiteTeamCountry "GER"]
[BlackTeamCountry "GER"]

1. d4 Nf6 2. Nf3 g6 3. g3 Bg7 4. Bg2 0-0 5. 0-0 d6 6. Re1 Nbd7 7. e4 e5 8. dxe5 dxe5 9. Nc3 c6 10. h3 b5 11. a3 Qe7 12. Qe2 a5 13. Rd1 Ba6 14. Qe1 b4 15. Nb1 h6 16. Nbd2 Nc5 17. b3 Ne8 18. axb4 axb4 19. Nc4 Rb8 20. Nfd2 Nc7 21. Na5 Bb5 22. Bf1 Qe6 23. Ndc4 Rfd8 24. Bb2 Ne8 25. Qe3 Qe7 26. Nd2 Rbc8 27. Nac4 Nf6 28. Bxe5 Bxc4 29. Nxc4 Nfxe4 30. Bxg7 Kxg7 31. f3 Re8 32. fxe4 Nxe4 33. Nd6 1-0

[Event "Oberliga Ost-A 1718"]
[Site "Germany"]
[Date "2018.02.25"]
[Round "8.6"]
[White "Hutsch, Oliver"]
[Black "Ozeran, Volodymyr"]
[Result "0-1"]
[WhiteElo "2161"]
[BlackElo "2087"]
[PlyCount "82"]
[EventDate "2017.10.22"]
[EventType "team-tourn"]
[EventRounds "11"]
[EventCountry "GER"]
[SourceTitle "EXT 2019"]
[Source "ChessBase"]
[SourceDate "2018.10.10"]
[SourceVersion "1"]
[SourceVersionDate "2018.10.10"]
[SourceQuality "1"]
[WhiteTeam "Dresden Gruen Weiss"]
[BlackTeam "Dessau"]
[WhiteTeamCountry "GER"]
[BlackTeamCountry "GER"]

1. d4 d5 2. c4 c6 3. Nc3 Nf6 4. Nf3 e6 5. e3 Nbd7 6. Bd3 Be7 7. 0-0 0-0 8. Qe2 c5 9. Rd1 Qc7 10. b3 b6 11. Bb2 Bb7 12. Rac1 Rac8 13. Ne5 dxc4 14. Bxc4 Rfd8 15. Nf3 Nf8 16. Nb5 Qb8 17. dxc5 Bxc5 18. Be5 Bxf3 19. Bxb8 Bxe2 20. Rxd8 Rxd8 21. Bxe2 Rxb8 22. Bf3 a6 23. Na7 Rd8 24. Nc6 Rd2 25. b4 Bd6 26. a4 e5 27. Kf1 e4 28. Be2 Rb2 29. h3 Bxb4 30. Bxa6 g6 31. g4 Ne6 32. Ne5 Nc5 33. Bc4 Bd2 34. Rd1 Rc2 35. Bxf7+ Kg7 36. g5 Nfd7 37. Nxd7 Nxd7 38. Be8 Nc5 39. Kg2 Bxe3 40. Rd5 Rxf2+ 41. Kg3 Rf5 0-1

[Event "Oberliga Ost-A 1718"]
[Site "Germany"]
[Date "2017.12.10"]
[Round "4.6"]
[White "Ozeran, Volodymyr"]
[Black "Schmalhofer, Adam"]
[Result "0-1"]
[WhiteElo "2087"]
[BlackElo "2058"]
[PlyCount "96"]
[EventDate "2017.10.22"]
[EventType "team-tourn"]
[EventRounds "11"]
[EventCountry "GER"]
[SourceTitle "EXT 2019"]
[Source "ChessBase"]
[SourceDate "2018.10.10"]
[SourceVersion "1"]
[SourceVersionDate "2018.10.10"]
[SourceQuality "1"]
[WhiteTeam "Dessau"]
[BlackTeam "Dresden USV TU II"]
[WhiteTeamCountry "GER"]
[BlackTeamCountry "GER"]

1. d4 Nf6 2. Nf3 g6 3. g3 Bg7 4. Bg2 0-0 5. 0-0 d6 6. Re1 c6 7. c3 Qc7 8. Nbd2 e5 9. dxe5 dxe5 10. Qc2 h6 11. b3 Be6 12. Bb2 Nbd7 13. c4 b6 14. Rad1 Rfd8 15. Nf1 a5 16. Rd2 Kh7 17. Red1 Bf5 18. Qc1 Ne4 19. Rc2 Ndc5 20. Ne3 Rxd1+ 21. Qxd1 Rd8 22. Qc1 Bc8 23. Nd2 Ng5 24. h4 Nge6 25. Ndf1 Nd4 26. Bxd4 exd4 27. Nd1 Bf5 28. Rd2 Ne4 29. Bxe4 Bxe4 30. Nb2 h5 31. f3 Bf5 32. Nd3 c5 33. Qe1 Qe7 34. Qf2 g5 35. Qh2 gxh4 36. Qxh4 Qxh4 37. gxh4 Bf6 38. Nf4 Rg8+ 39. Kh1 Bxh4 40. e4 Bg5 41. Rh2 Bg6 42. Nxh5 Bxh5 43. Rxh5+ Kg6 44. Rh2 Kf6 45. Rg2 Rd8 46. Kg1 d3 47. Nd2 Be3+ 48. Kf1 Rh8 0-1

[Event "Sachsen-Anhalt-ch 27th"]
[Site "Magdeburg"]
[Date "2017.05.25"]
[Round "2.4"]
[White "Paul, Johannes"]
[Black "Ozeran, Volodymyr"]
[Result "1-0"]
[WhiteElo "2304"]
[BlackElo "2119"]
[PlyCount "95"]
[EventDate "2017.05.25"]
[EventType "tourn"]
[EventRounds "7"]
[EventCountry "GER"]
[SourceTitle "EXT 2018"]
[Source "ChessBase"]
[SourceDate "2017.10.13"]
[SourceVersion "1"]
[SourceVersionDate "2017.10.13"]
[SourceQuality "1"]

1. d4 d5 2. c4 c6 3. Nf3 Nf6 4. e3 Bf5 5. Nc3 e6 6. Qb3 Qb6 7. c5 Qc7 8. Nh4 Bg6 9. f4 Be7 10. Nxg6 hxg6 11. Be2 Nbd7 12. Bd2 b6 13. cxb6 axb6 14. Rc1 c5 15. Bf3 c4 16. Qc2 Rb8 17. Nb5 Qd8 18. e4 0-0 19. e5 Ne8 20. b3 Rc8 21. 0-0 Nb8 22. Be2 Nc6 23. bxc4 dxc4 24. Qxc4 Na7 25. Qa4 Nxb5 26. Bxb5 Nc7 27. Bc6 Nd5 28. Kh1 Rc7 29. Qb5 Ra7 30. a4 Qb8 31. Bxd5 exd5 32. Rc6 Qa8 33. Ra1 Rb8 34. h3 Bf8 35. e6 fxe6 36. Rxe6 Kh7 37. Qd3 Rxa4 38. Rae1 Ra1 39. Qxg6+ Kg8 40. f5 Rxe1+ 41. Bxe1 Qb7 42. Bg3 Rc8 43. f6 Qf7 44. fxg7 Qxg7 45. Be5 Qxg6 46. Rxg6+ Kf7 47. Rf6+ Kg8 48. Rxb6 1-0

[Event "GER-chA Seniors 27th"]
[Site "Magdeburg"]
[Date "2015.08.18"]
[Round "4"]
[White "Ozeran, Volodymyr"]
[Black "Nachtkamp, Herbert"]
[Result "0-1"]
[WhiteElo "2133"]
[BlackElo "2034"]
[PlyCount "66"]
[EventDate "2015.08.15"]
[EventType "swiss"]
[EventRounds "9"]
[EventCountry "GER"]
[SourceTitle "EXT 2018"]
[Source "ChessBase"]
[SourceDate "2017.10.13"]
[SourceVersion "1"]
[SourceVersionDate "2017.10.13"]
[SourceQuality "1"]

1. d4 d5 2. Nf3 Nf6 3. g3 e6 4. Bg2 Be7 5. 0-0 0-0 6. c4 c6 7. Qd3 Nbd7 8. Nc3 b6 9. e4 Ba6 10. b3 Rc8 11. Rd1 c5 12. e5 Ne8 13. Ba3 dxc4 14. bxc4 cxd4 15. Bxe7 Qxe7 16. Qxd4 Nc5 17. Rd2 Nc7 18. Qd6 Qe8 19. Nd4 Bxc4 20. Nc6 Kh8 21. Rad1 Nd5 22. Bxd5 exd5 23. Nxa7 Ra8 24. Qxb6 Na4 25. Nxa4 Qxa4 26. Nc6 Ra6 27. Qc5 Rc8 28. Rxd5 Bxd5 29. Qxd5 Qxc6 30. Qxf7 Qe6 31. Qb7 h6 32. Rd6 Rxd6 33. exd6 Rd8 0-1

[Event "GER CupT V2"]
[Site "Brandenburg"]
[Date "2015.01.10"]
[Round "1.4"]
[White "Ozeran, Volodymyr"]
[Black "Guth, Thomas"]
[Result "1/2-1/2"]
[WhiteElo "2120"]
[BlackElo "2319"]
[PlyCount "200"]
[EventDate "2015.01.10"]
[EventType "team-k.o."]
[EventRounds "2"]
[EventCountry "GER"]
[SourceTitle "EXT 2019"]
[Source "ChessBase"]
[SourceDate "2018.10.10"]
[SourceVersion "1"]
[SourceVersionDate "2018.10.10"]
[SourceQuality "1"]
[WhiteTeam "Dessau"]
[BlackTeam "Pankow Rotation"]
[WhiteTeamCountry "GER"]
[BlackTeamCountry "GER"]

1. d4 e6 2. g3 d5 3. Nf3 f5 4. Bg2 Nf6 5. 0-0 Be7 6. c4 0-0 7. Nc3 c6 8. Bg5 Ne4 9. Bxe7 Qxe7 10. Qc2 Bd7 11. Ne5 Be8 12. f3 Nxc3 13. Qxc3 Nd7 14. Nd3 Rd8 15. e3 Bf7 16. f4 dxc4 17. Ne5 Nxe5 18. fxe5 c5 19. Qxc4 cxd4 20. exd4 Rc8 21. Qb3 Rc7 22. Rae1 Rd8 23. d5 exd5 24. Rxf5 Be6 25. Rf2 Qc5 26. Ree2 Rf8 27. Bf3 Qd4 28. Kg2 Rcf7 29. h3 h5 30. Qe3 Qxe3 31. Rxe3 g5 32. Rd2 g4 33. hxg4 hxg4 34. Bd1 d4 35. Re1 Bd5+ 36. Kg1 Rh7 37. Rh2 Rxh2 38. Kxh2 Rf2+ 39. Kg1 Rg2+ 40. Kf1 Rxg3 41. e6 Re3 42. Rxe3 dxe3 43. Bxg4 Bxa2 44. Ke2 Kf8 45. Kxe3 Ke7 46. Kd4 Bxe6 47. Bf3 b6 48. b4 Kd6 49. Be4 Bd7 50. Bf3 Bc6 51. Be2 Bg2 52. Bd3 Kc6 53. Bc4 Bf3 54. Bd3 Bd1 55. Bf1 Ba4 56. Be2 Bb5 57. Bf3+ Kd6 58. Be4 Kc7 59. Bf3 Kd6 60. Be4 Bc6 61. Bd3 Ke6 62. Bc4+ Kf5 63. Bd3+ Kf4 64. Be2 Be8 65. Bd1 Bb5 66. Bh5 Kg3 67. Bg6 Kf2 68. Bf5 Ke2 69. Kc3 Ke3 70. Bg6 Bc6 71. Bd3 Be4 72. Bb5 Bf5 73. Bc6 Bd3 74. Bd5 Bb5 75. Be6 Ke4 76. Bf7 Ke5 77. Bb3 Bd7 78. Bd1 Bf5 79. Bb3 Be6 80. Bd1 Bd5 81. Be2 Be6 82. Bd1 Ke4 83. Be2 Ba2 84. Bd1 Bb1 85. Bb3 Bd3 86. Bf7 Bf1 87. Bb3 Ke5 88. Bf7 a6 89. Bb3 Kd6 90. Kd4 Kc6 91. Ba4+ b5 92. Bb3 Kb6 93. Kc3 Be2 94. Be6 Bf3 95. Bd7 Kc7 96. Bf5 Bb7 97. Kd4 Kb6 98. Bd3 a5 99. bxa5+ Kxa5 100. Bxb5 Kxb5 1/2-1/2

[Event "Sachsen-Anhalt-ch 24th"]
[Site "Magdeburg"]
[Date "2014.05.31"]
[Round "5.3"]
[White "Schoenrock, Ruediger"]
[Black "Ozeran, Volodymyr"]
[Result "0-1"]
[WhiteElo "2010"]
[BlackElo "2137"]
[PlyCount "70"]
[EventDate "2014.05.29"]
[EventType "tourn"]
[EventRounds "7"]
[EventCountry "GER"]
[SourceTitle "EXT 2015"]
[Source "ChessBase"]
[SourceDate "2014.11.20"]
[SourceVersion "1"]
[SourceVersionDate "2014.11.20"]
[SourceQuality "1"]

1. e4 c6 2. c4 d5 3. cxd5 cxd5 4. exd5 Nf6 5. Bb5+ Bd7 6. Bc4 Qa5 7. Nc3 Na6 8. a3 b5 9. Ba2 b4 10. axb4 Nxb4 11. Nf3 Nd3+ 12. Kf1 Rc8 13. g3 Ng4 14. Qe2 Qb6 15. Kg2 Ngxf2 16. h4 Nxh1 17. Qxd3 Qf2+ 18. Kxh1 Bh3 19. Qe2 Bg2+ 20. Kh2 Qxe2 21. Nxe2 Bxf3 22. Nc3 g5 23. d3 gxh4 24. gxh4 Bg7 25. Kg3 Bh5 26. Bc4 Be5+ 27. Kf2 0-0 28. Be3 Rb8 29. Ra2 a5 30. Nb5 Kh8 31. Rxa5 Rg8 32. Bc5 Rg3 33. b4 Rbg8 34. Nd4 Rg2+ 35. Ke3 f5 0-1

[Event "Sachsen-Anhalt-ch 24th"]
[Site "Magdeburg"]
[Date "2014.05.30"]
[Round "4.3"]
[White "Ozeran, Volodymyr"]
[Black "Groeger, Stefan"]
[Result "0-1"]
[WhiteElo "2137"]
[BlackElo "1954"]
[PlyCount "104"]
[EventDate "2014.05.29"]
[EventType "tourn"]
[EventRounds "7"]
[EventCountry "GER"]
[SourceTitle "EXT 2015"]
[Source "ChessBase"]
[SourceDate "2014.11.20"]
[SourceVersion "1"]
[SourceVersionDate "2014.11.20"]
[SourceQuality "1"]

1. d4 Nf6 2. g3 e6 3. Bg2 d5 4. Nf3 c5 5. c4 Nc6 6. Nc3 dxc4 7. Qa4 cxd4 8. Nxd4 Qxd4 9. Bxc6+ Bd7 10. Bxd7+ Qxd7 11. Qxc4 Rc8 12. Qb3 Be7 13. 0-0 0-0 14. Be3 b6 15. Rfd1 Qb7 16. f3 Bc5 17. Bxc5 Rxc5 18. Rd3 h6 19. Rad1 Rc7 20. Qa3 Rd7 21. Rxd7 Nxd7 22. Nb5 Nf6 23. Kf2 a6 24. Nd6 Qa7 25. Rd3 b5+ 26. Kg2 Qb6 27. Qb4 Nd5 28. Qd2 Qxd6 29. e4 Rd8 30. exd5 exd5 31. Rd4 Qe5 32. f4 Qf5 33. Kf3 h5 34. Kg2 Rd6 35. Qd3 Qe6 36. Qf3 Rc6 37. f5 Rc2+ 38. Kh3 Qe2 39. Qxe2 Rxe2 40. b4 Rxa2 41. Rxd5 Ra4 42. Rd6 Rxb4 43. Rxa6 Kf8 44. f6 gxf6 45. Rxf6 Kg7 46. Rb6 Rb2 47. g4 hxg4+ 48. Kxg4 b4 49. Kf3 b3 50. Ke4 Re2+ 51. Kf3 Rxh2 52. Kg3 Rb2 0-1

[Event "Sachsen-Anhalt-ch 24th"]
[Site "Magdeburg"]
[Date "2014.05.29"]
[Round "2.4"]
[White "Ozeran, Volodymyr"]
[Black "Matthey, Harald"]
[Result "0-1"]
[WhiteElo "2137"]
[BlackElo "2205"]
[PlyCount "66"]
[EventDate "2014.05.29"]
[EventType "tourn"]
[EventRounds "7"]
[EventCountry "GER"]
[SourceTitle "EXT 2015"]
[Source "ChessBase"]
[SourceDate "2014.11.20"]
[SourceVersion "1"]
[SourceVersionDate "2014.11.20"]
[SourceQuality "1"]

1. d4 g6 2. g3 Bg7 3. Bg2 c5 4. Nf3 cxd4 5. Nxd4 Nc6 6. Nxc6 bxc6 7. 0-0 Rb8 8. c3 Nf6 9. Qc2 Qb6 10. Nd2 Ba6 11. Nb3 c5 12. Bf4 d6 13. Rab1 0-0 14. Rfe1 c4 15. Nc1 Ng4 16. Rf1 e5 17. Bg5 h6 18. Bd2 Bc8 19. h3 Nf6 20. Kh2 d5 21. f3 e4 22. fxe4 Nxe4 23. Bxe4 dxe4 24. Qxe4 Qb5 25. Qc2 Qh5 26. Bf4 Bxh3 27. Kg1 Rbe8 28. Re1 Qc5+ 29. Kh2 Qf2+ 30. Kxh3 Qxe1 31. e3 Qh1+ 32. Qh2 Qe4 33. Ra1 g5 0-1